000 00281nam a22001217a 4500
008 260210b ||||| |||| 00| 0 eng d
041 _aeng
080 _a001
100 _a20
101 _aital
245 _aStudents Book Profile 1
_cJon Naunton , Mark Tulip
942 _2udc
_cBK
999 _c60760
_d60760